Francisco Ayala (Record no. 6557)

MARC details
000 -LEADER
campo de control de longitud fija 01000nam a2200265 i 4500
001 - NÚMERO DE CONTROL
campo de control 6557
003 - IDENTIFICADOR DE NÚMERO DE CONTROL
campo de control ES-MaACL
005 - FECHA Y HORA DE LA ÚLTIMA TRANSACCIÓN
campo de control 20240513120303.0
007 - CAMPO FIJO DE DESCRIPCIÓN FÍSICA--INFORMACIÓN GENERAL
campo de control de longitud fija t|
008 - DATOS DE LONGITUD FIJA--INFORMACIÓN GENERAL
campo de control de longitud fija 900115s1989 sp ||||1| spa d
020 ## - NÚMERO INTERNACIONAL ESTÁNDAR DEL LIBRO
Número Internacional Estándar del Libro 84-7658-169-6
080 ## - NÚMERO DE LA CLASIFICACIÓN DECIMAL UNIVERSAL
Número de la Clasificación Decimal Universal 86(Ayala,F.1.06)
245 00 - MENCIÓN DEL TÍTULO
Título Francisco Ayala
Resto del título : Premio Nacional de las Letras Españolas 1988 /
Mención de responsabilidad, etc. [Rosario Hiriart... (et al.)].
250 ## - MENCION DE EDICION
Mención de edición 1a ed.
260 ## - PUBLICACIÓN, DISTRIBUCIÓN, ETC.
Lugar de publicación, distribución, etc. Barcelona :
Nombre del editor, distribuidor, etc. Anthropos :
-- ; Madrid : Direccion General del Libro y Bibliotecas,
Fecha de publicación, distribución, etc. 1989.
300 ## - DESCRIPCIÓN FÍSICA
Extensión 144 p :
Otras características físicas fot. bl. y n. ;
Dimensiones 20 cm.
490 1# - MENCIÓN DE SERIE
Mención de serie Ambitos literarios. Premios nacionales de las letras españolas ;
Designación de volumen o secuencia 5
500 ## - NOTA GENERAL
Nota general Indice.
600 14 - PUNTO DE ACCESO ADICIONAL DE MATERIA--NOMBRE DE PERSONA
Nombre de persona Ayala, Francisco,
Fechas asociadas al nombre 1906-2009-
Subdivisión general Crítica e interpretación
9 (RLIN) 24112
700 0# - ENTRADA AGREGADA--NOMBRE PERSONAL
Nombre de persona Hiriart, Rosario,
Fechas asociadas al nombre 1936-
9 (RLIN) 63800
830 0# - PUNTO DE ACCESO ADICIONAL DE SERIE-TÍTULO UNIFORME
Título uniforme Ambitos literarios.
Nombre de parte o sección de la obra Premios nacionales de las letras españolas ;
Designación de volumen o secuencia 5
9 (RLIN) 177491
852 ## - LOCALIZACIÓN
Ubicación ES-MaACL
Número de control de estantería L-13724
Sublocalización o colección R.117299
Nota libre . - rust.
942 ## - ELEMENTOS DE ENTRADA SECUNDARIOS (KOHA)
Fuente del sistema de clasificación o colocación Clasificación decimal universal
Holdings
Estatus retirado Estado de pérdida Estado de daño No para préstamo Biblioteca de origen Biblioteca actual Ubicación en estantería Fecha de adquisición Fuente de adquisición Total de préstamos Signatura topográfica completa Código de barras Visto por última vez Precio de reemplazo Tipo de ítem Koha
        Biblioteca del Ateneo de Madrid Biblioteca del Ateneo de Madrid Depósito 2 17/01/2008     L-13724 1006680 23/02/2023 23/02/2023 Libro impreso